| 000 | 00406cam a2200169ua 4500 | ||
|---|---|---|---|
| 020 | _c7.00 | ||
| 041 |
_amal _h |
||
| 082 |
_a894.812308 _bVRI/MR |
||
| 100 | _aVrindavanlal, Varma . | ||
| 245 |
_aMruka Nayani / _cVrindavanlal Varma. _hTextual Documents |
||
| 260 |
_aThrissur : _bCurrent Books , _c1965. |
||
| 300 | _a120 ; . | ||
| 365 | _a7.00 | ||
| 504 | _a | ||
| 942 | _cBK | ||
| 999 |
_c893 _d893 |
||